|
|
|
|
| LEADER |
00673nta a2200193 i 4500 |
| 001 |
dokt5806 |
| 005 |
20200812114000.0 |
| 008 |
190621s1989 hu om 0|| hun d |
| 024 |
7 |
|
|a 31401344
|2 mtmt
|
| 040 |
|
|
|a SZTE Doktori Repozitórium
|b hun
|
| 041 |
|
|
|a hun
|
| 100 |
2 |
|
|a Batóné Kaczúr Ágnes
|
| 245 |
1 |
0 |
|a Brazíliai magyarság a két világháború között 1920-1941
|h [elektronikus dokumentum] /
|c Batóné Kaczúr Ágnes
|
| 260 |
|
|
|c 1989
|
| 502 |
|
|
|a Disszertacio
|
| 650 |
|
4 |
|a történelemtudományok
|
| 695 |
|
|
|a Történelem
|
| 700 |
1 |
|
|a Nincs megadva
|e ths
|
| 856 |
4 |
0 |
|u https://doktori.bibl.u-szeged.hu/id/eprint/5806/1/1989_batone_kaczur_agnes.pdf
|z Dokumentum-elérés
|